000 00748nam a22002417a 4500
003 UA-OsUOA
001 47796
007 ta
008 20121008b un ||||| |||| 00| 0 ukr d
100 _aСупронюк О.К.
090 _a82(477)/929
_bС89
942 _cBK
040 _aUA-OsUOA
_bukr
_cUA-OsUOA
_dUA-OsUOA
245 _aЛитературная среда раннего Гоголя
300 _a177 с.
955 _a4
041 _aukr
080 _a82(477)/929
260 _aК.
_bАкадемпериодика
_c2009
650 7 _a82 Література. Літературознавство
_2UDC
999 _c427893
_d427893